00226nam a2200109Ia 4500008004100000041001200041082001100053100001400064245002600078260000600104650000600110221030s9999 xx 000 0 und d aEnglish a105.23 aV. Sharma 0aAutoCADcby V. Sharma c0 aB